000 00496nam a2200157 i 4500
001 23059
003 ES-MaACL
005 20230906152817.0
007 t|
008 021209s1881 sp ||||1| spa d
100 1 _aAlvarado, Emilio.
_920588
245 1 0 _aEstudio comparativo de los efectos tóxicos producidos por los colirios de atropina y duboisina /
_cpor Emilio Alvarado.
260 _aValladolid :
_b[s.n.],
_c1881 (
_fGaviria)
300 _a31 p. ;
_c22 cm.
852 _aES-MaACL
_jT-356-F-4
999 _c23059
_d23059